| Tag |
First Indicator |
Second Indicator |
Subfields |
| LEADER |
00000cas a2200000 a 4500 |
| 001 |
in00001680121 |
| 005 |
20151024123443.0 |
| 006 |
m d |
| 007 |
cr -n--------- |
| 008 |
000323c19899999nyuqr pss 0 a0eng d |
| 010 |
|
|
|a 00128534
|
| 022 |
|
|
|a 1468-4365
|y 0896-7148
|
| 035 |
|
|
|a (OCoLC)ocm43694859
|
| 040 |
|
|
|a EZA
|c EZA
|d RBN
|d RCE
|d IUL
|d OCLCQ
|d UtOrBLW
|
| 042 |
|
|
|a lcd
|
| 049 |
|
|
|a TXAM
|
| 050 |
1 |
4 |
|a PS1
|b .A58 Electronic
|
| 130 |
0 |
|
|a American literary history (Online)
|
| 210 |
0 |
|
|a Am. lit. hist.
|b (Online)
|
| 222 |
|
0 |
|a American literary history (Online)
|
| 245 |
1 |
0 |
|a American literary history.
|
| 264 |
|
1 |
|a New York, NY :
|b Oxford University Press.
|
| 310 |
|
|
|a Quarterly
|
| 336 |
|
|
|a text
|b txt
|2 rdacontent
|
| 337 |
|
|
|a computer
|b c
|2 rdamedia
|
| 338 |
|
|
|a online resource
|b cr
|2 rdacarrier
|
| 362 |
1 |
|
|a Print began with vol. 1, no. 1 (spring 1989).
|
| 500 |
|
|
|a Description based on: Volume 12, number 1-2 (spring/summer 2000); title from journal home page.
|
| 530 |
|
|
|a Also issued in print.
|
| 538 |
|
|
|a Mode of access: World Wide Web.
|
| 500 |
|
|
|a Electronic resource.
|
| 650 |
|
0 |
|a American literature
|x History and criticism
|v Periodicals.
|
| 776 |
1 |
|
|t American literary history
|x 0896-7148
|w (DLC) 89650689
|w (OCoLC)17275100
|
| 948 |
|
|
|a MFHD URL added
|b h
|c 2002/5/16
|d c
|e bsurratt
|f 10:07:02 am
|
| 994 |
|
|
|a E0
|b TXA
|
| 999 |
|
|
|a MARS
|
| 999 |
f |
f |
|s 848c37c1-5121-337e-bf86-ed4a437b45c9
|i 5932e5a5-d5c4-3302-a9b1-bb616c2e1e77
|t 0
|
| 952 |
f |
f |
|a Texas A&M University
|b College Station
|c Electronic Resources
|d Available Online
|t 0
|e PS1 .A58
|g Electronic
|h Library of Congress classification
|
| 998 |
f |
f |
|a PS1 .A58
|t 0
|l Available Online
|